El futuro de la educación en ingeniería /
En la enseñanza de la ingeniería se ha iniciado la exploración y uso de diversas alternativas a los métodos educativos tradicionales, las cuales han demostrado ser efectivas. Este libro ofrece precisamente, nuevas herramientas didácticas a los profesores de ingeniería y a los administradores univers...
保存先:
| 第一著者: | |
|---|---|
| フォーマット: | 図書 |
| 言語: | スペイン語 |
| 出版事項: |
Puebla, México :
Universidad Iberoamericana, Plantel Golfo-Centro,
2001, c2001
|
| 主題: | |
| タグ: |
タグなし, このレコードへの初めてのタグを付けませんか!
|
MARC
| LEADER | 00000nam^a2200000^a^4500 | ||
|---|---|---|---|
| 001 | 000131154 | ||
| 005 | 20250521000000.0 | ||
| 009 | 20260310095012.747 | ||
| 020 | |a 968-7507-65-9 | ||
| 037 | |a Acervo ITESO - Biblioteca | ||
| 041 | |a ESP | ||
| 082 | |a 620. 007 |b RUG | ||
| 100 | |a Rugarcía Torres, Armando |e (coord.) | ||
| 245 | 1 | 3 | |a El futuro de la educación en ingeniería / |c Coord. de A. Rugarcía Torres ; introd. de Richard M. Felder. |
| 264 | 4 | |a Puebla, México : |b Universidad Iberoamericana, Plantel Golfo-Centro, |c 2001, c2001 | |
| 300 | |a 268 p. | ||
| 336 | |a texto |b txt |2 rdacontenido | ||
| 337 | |a sin mediación |b n |2 rdamedio | ||
| 338 | |a volumen |b nc |2 rdasoporte | ||
| 520 | |a En la enseñanza de la ingeniería se ha iniciado la exploración y uso de diversas alternativas a los métodos educativos tradicionales, las cuales han demostrado ser efectivas. Este libro ofrece precisamente, nuevas herramientas didácticas a los profesores de ingeniería y a los administradores universitarios interesados en elevar la calidad de la enseñanza en sus instituciones. Los autores analizan métodos útiles para el desarrollo de habilidades críticas en el estudiante; examinan maneras para que el profesor aprenda y aplique nuevos métodos de evaluación. También sugieren modificaciones en los incentivos y compensaciones universitarios que pudieran facilitar los cambios necesarios en los sistemas de educación superior. | ||
| 649 | |a XX | ||
| 650 | |a Ingeniería - |z México - |x Estudio y Enseñanza | ||
| 650 | |a Metodología Educativa | ||
| 650 | |a Aprendizaje Colaborativo | ||
| 650 | |a Evaluación del Alumno | ||
| 650 | |a Proceso Educativo | ||
| 650 | |a Reforma Educativa | ||
| 650 | |a Educación Superior - |z México | ||
| 650 | |a Educación y Sociedad | ||
| 650 | |a Sociología de la Educación | ||
| 910 | |a Fondo General | ||
| 920 | |a Impresos - Libros | ||
| 930 | |a Colección General | ||
| 905 | |a 101 | ||
| 901 | |a 0500061230 |b IT1 |c ACC |u 20250521 | ||
| 901 | |a 0500061239 |b IT1 |c ACC |u 20250521 | ||
| 902 | |a https://opac.biblio.iteso.mx/vufind/Record/000131154 | ||